Niezapomniane Jedenastki #12: Real Madryt 2002/2003 - Statystyki

Ogólne statystyki
  • Ten quiz został rozwiązany 157 razy
  • Średni wynik to 9 z 11
Statystyki odpowiedzi
Pozycja Kraj Zawodnik % Poprawnych
BR Hiszpania Iker Casillas
98%
N Brazylia Ronaldo
98%
PP Portugalia Luis Figo
95%
LO Brazylia Roberto Carlos
94%
LP Francja Zinedine Zidane
92%
N Hiszpania Raul
90%
ŚO Hiszpania Fernando Hierro
79%
ŚPD Francja Claude Makelele
73%
ŚP Hiszpania Guti
61%
PO Hiszpania Michel Salgado
44%
ŚO Hiszpania Ivan Helguera
33%
Nie znaleziono quizów pasujących do podanych kryteriów
Rozkład punktacji
Procent ludzi z każdym wynikiem
Percentyl według liczby udzielonych odpowiedzi
Twoja historia wyników
Nie rozwiązałeś tego quizu